International Union for Housing Finance (Record no. 120063)

MARC details
000 -LEADER
fixed length control field 00791cam a2200181 4500
001 - CONTROL NUMBER
control field WS118638
008 - FIXED-LENGTH DATA ELEMENTS--GENERAL INFORMATION
fixed length control field 020702n 000 0 eng u
035 ## - SYSTEM CONTROL NUMBER
System control number (Sirsi) u118638
110 ## - MAIN ENTRY--CORPORATE NAME
Corporate name or jurisdiction name as entry element International Union for Housing Finance
9 (RLIN) 4263
245 ## - TITLE STATEMENT
Title International Union for Housing Finance
520 ## - SUMMARY, ETC.
Summary, etc. Web site for this non-profit trade association which acts as a primary source of information for trends and innovations in housing finance and mortgage lending around the world. Includes a link to their newsletter and statistics on a wide range of countries.
650 ## - SUBJECT ADDED ENTRY--TOPICAL TERM
Topical term or geographic name entry element INTERNATIONAL
650 ## - SUBJECT ADDED ENTRY--TOPICAL TERM
Topical term or geographic name entry element MORTGAGES
650 ## - SUBJECT ADDED ENTRY--TOPICAL TERM
Topical term or geographic name entry element HOUSING FINANCE
690 ## - LOCAL SUBJECT ADDED ENTRY--TOPICAL TERM (OCLC, RLIN)
Topical term or geographic name as entry element FINANCE
856 40 - ELECTRONIC LOCATION AND ACCESS
Uniform Resource Identifier <a href="https://www.housingfinance.org">https://www.housingfinance.org</a>
Public note View the website free of charge at www.housingfinance.org...
942 ## - ADDED ENTRY ELEMENTS (KOHA)
Suppress in OPAC 0
Holdings
Withdrawn status Lost status Source of classification or shelving scheme Damaged status Not for loan Home library Current library Shelving location Date acquired Total Checkouts Full call number Barcode Date last seen Copy number Price effective from Koha item type
    Dewey Decimal Classification     Virtual Virtual Online 02/07/2002   WEB SITE 118638-2001 06/08/2019 1 06/08/2019 Online material